Wheel of Time Nations (map) Quiz Stats

 Plays Quiz not verified by Sporcle

Challenge
Share
Tweet
Score 0/16 Timer 06:00
0 Plays Today
% Correct
Andor
96%
Tear
92.6%
Illian
87.3%
Cairhien
83%
Shienar
76.7%
Mayene
73.2%
Arad Doman
71.8%
Saldaea
69.4%
% Correct
Tarabon
69.2%
Amadicia
69.2%
Kandor
67.7%
Murandy
66.5%
Ghealdan
61.8%
Arafel
60.9%
Altara
59.2%
Far Madding
55.6%

You're not logged in!

Compare scores with friends on all Sporcle quizzes.
OR
Log In

You Might Also Like...

Show Comments

Extras

Curator's Pick Jun 17, 2015ReportNominate
Tags:Nation Quiz, Novel Quiz, fantasy, map, Wheel of Time

Top Quizzes Today


Score Distribution

Your Account Isn't Verified!

In order to create a playlist on Sporcle, you need to verify the email address you used during registration. Go to your Sporcle Settings to finish the process.

Report this User

Report this user for behavior that violates our Community Guidelines.

Details: